Meditazioni del Primo Maestro alle Figlie di San Paolo. (Record n. 37521)

Dettagli MARC
000 -LEADER
fixed length control field 03565nam a22001937a 4500
003 - CONTROL NUMBER IDENTIFIER
control field IT-RoPau
005 - DATE AND TIME OF LATEST TRANSACTION
control field 20220918175935.0
008 - FIXED-LENGTH DATA ELEMENTS--GENERAL INFORMATION
fixed length control field 121116b xxu||||| |||| 00| 0 eng d
040 ## - CATALOGING SOURCE
Transcribing agency IT-RoPau
100 ## - MAIN ENTRY--PERSONAL NAME
Personal name Alberione Giacomo
Fuller form of name Fondatore Famiglia Paolina
9 (RLIN) 19
245 ## - TITLE STATEMENT
Title Meditazioni del Primo Maestro alle Figlie di San Paolo.
Remainder of title Tomo 2 Alba 1933
250 ## - EDITION STATEMENT
Edition statement 1
260 ## - PUBLICATION, DISTRIBUTION, ETC. (IMPRINT)
Place of publication, distribution, etc. Alba
Name of publisher, distributor, etc. FSP
Date of publication, distribution, etc. ?1960?
300 ## - PHYSICAL DESCRIPTION
Extent 156 p.
Dimensions 29,5 cm
490 ## - SERIES STATEMENT
Series statement Tomo 2
Volume/sequential designation Tomo2
500 ## - GENERAL NOTE
General note Come nel volume precedente
520 ## - SUMMARY, ETC.
Summary, etc. Indice<br/>San Giuseppe pag. 1<br/>La Sacra Famiglia " 3<br/>Ora di Adorazione " 6<br/>La Sacra Bibbia e la Teologia " 11<br/>Il Catechismo " 14 <br/>Nostra Signora di Lourdes " 16<br/>Come leggere la Sacra Scrittura " 19<br/>La virtù dell' obbedienza " 23<br/>L'uso della Sacra Scrittura per le Figlie di San paolo " 27<br/>La mortificazione " 29 <br/>I Cooperatori " 31<br/>Fare il posto alle grazie di Dio " 33<br/>Introduzione al mese di maggio " 37<br/>Umiltà e fiducia " 38<br/>Maria nella nostra vita " 39<br/>Vespro della Regina degli Apostoli " 42<br/>Primo Venerdì " 44<br/>Vespro della festa di Pentecoste " 46<br/>La Santissima Trinità " 49<br/>Corpus Domini " 53<br/>Ora di Adorazione sul Paradiso " 59<br/>Premio di coloro che seguono Gesù Cristo " 63<br/>Festa di San Paolo " 68<br/>Ora di Adorazione " 72<br/>Ora di Adorazione sul Paradiso " 77<br/>L' Eucarestia e il Beato Ejmard " 84<br/>Zelo degli Apostoli-Fortezza dei Martiri-virtù dei conf. " 88<br/>I Santi " 93<br/>Le Missioni " 96<br/>In preparazione alla morte " 100 <br/>Le vocazioni " 102<br/>Il nome di Maria " 105<br/>Gesù modello dei moribondi " 109<br/>Gli Angeli " 112<br/>La morte " 115<br/>Mezzi per prepararci alla morte " 120<br/>Il Paradiso è gaudio " 124<br/>Piccole notizie " 129<br/>Il valore degli Esercizi Spirituali " 130<br/>La presentazione dell' anima " 132<br/>Brevi lezioni sulla Sacra Bibbia " 138 <br/>
942 ## - ADDED ENTRY ELEMENTS (KOHA)
Source of classification or shelving scheme Dewey Decimal Classification
Koha item type LIBRO
Dati di copia
Withdrawn status Lost status Source of classification or shelving scheme Damaged status Not for loan Home library Current library Date acquired Total Checkouts Full call number Date last seen Price effective from Koha item type
    Dewey Decimal Classification Buone Condizioni Not For Loan PAULUS-BIBLIOTECA PAULUS-BIBLIOTECA 16/11/2012   P A1 16/11/2012 16/11/2012 LIBRO
CREDITS: SOCIETA' SAN PAOLO Via A.Severo, 58 - ROMA (RM) & PERIODICI SAN PAOLO SRL Via Giotto, 36 MILANO & CISF Via Giotto, 36 MILANO & EDIZIONI SAN PAOLO SRL,  Piazza Soncino, 5 CINISELLO BALSAMO (MI) -- ITALY